[Event "EU-ch blitz (Women)"]
[Site "Monaco"]
[Date "2025.01.10"]
[Round "12"]
[White "Rudzinska, Michalina"]
[Black "Arabidze, Meri"]
[Result "1-0"]
[WhiteElo "2226"]
[BlackElo "2457"]
[PlyCount "80"]
[EventDate "2025.01.10"]
[EventType "swiss (blitz)"]
[EventRounds "13"]
[EventCountry "MNC"]
[SourceTitle "CB03_2025"]
[SourceDate "2025.01.15"]
[SourceVersion "1"]
[SourceVersionDate "2025.01.15"]
[SourceQuality "1"]

1. e4 c5 2. Nf3 e6 3. d4 cxd4 4. Nxd4 a6 5. Bd3 d5 6. exd5 Qxd5 7. 0-0 Nd7 8. Be3 Bc5 9. Nc3 Qe5 10. Nf3 Qc7 11. Qe2 Ngf6 12. a4 b6 13. Ne4 Bxe3 14. Qxe3 Bb7 15. h3 0-0 16. Rfe1 h6 17. Rad1 Nxe4 18. Bxe4 Bxe4 19. Qxe4 Nf6 20. Qe2 Rfc8 21. c3 Nd5 22. Rd4 Qb7 23. Ne5 b5 24. Qf3 Rab8 25. axb5 axb5 26. Red1 Qc7 27. Ng4 Qe7 28. Qg3 Qg5 29. Re1 Ra8 30. h4 Qg6 31. h5 Qg5 32. f4 Qd8 33. Nxh6+ Kf8 34. Ng4 Qb6 35. Kh2 b4 36. h6 gxh6 37. Nxh6 Nf6 38. Qg5 e5 39. fxe5 bxc3 40. exf6 Qc7+ 1-0

[Event "Bialystok Zamenhof Memorial 43rd"]
[Site "Bialystok"]
[Date "2024.12.31"]
[Round "9"]
[White "Dalkowski, Rafal"]
[Black "Rudzinska, Michalina"]
[Result "1-0"]
[WhiteElo "2102"]
[BlackElo "2210"]
[PlyCount "61"]
[EventDate "2024.12.27"]
[EventType "swiss"]
[EventRounds "9"]
[EventCountry "POL"]
[SourceTitle "CB02_2025"]
[SourceDate "2025.01.08"]
[SourceVersion "1"]
[SourceVersionDate "2025.01.08"]
[SourceQuality "1"]

1. Nf3 d5 2. c4 e6 3. e3 Nf6 4. Nc3 b6 5. b3 Bb7 6. Bb2 Bd6 7. d4 0-0 8. Bd3 c5 9. 0-0 Nbd7 10. Rc1 Rc8 11. Qe2 Qe7 12. Rfd1 dxc4 13. Bxc4 e5 14. dxe5 Nxe5 15. Nd5 Bxd5 16. Bxd5 Ng6 17. Bc4 Ne4 18. Rd5 Nf6 19. Rf5 Ne4 20. Ba1 Nh4 21. Nxh4 Qxh4 22. g3 Qh6 23. Rd1 Qg6 24. Rdd5 h6 25. Bd3 c4 26. Bxe4 cxb3 27. axb3 Rc1+ 28. Rd1 Rfc8 29. Bb2 Rxd1+ 30. Qxd1 Qe6 31. Qd5 1-0

[Event "Bialystok Zamenhof Memorial 43rd"]
[Site "Bialystok"]
[Date "2024.12.30"]
[Round "7"]
[White "Mulawa, Cyprian"]
[Black "Rudzinska, Michalina"]
[Result "1-0"]
[WhiteElo "2353"]
[BlackElo "2210"]
[PlyCount "103"]
[EventDate "2024.12.27"]
[EventType "swiss"]
[EventRounds "9"]
[EventCountry "POL"]
[SourceTitle "CB02_2025"]
[SourceDate "2025.01.08"]
[SourceVersion "1"]
[SourceVersionDate "2025.01.08"]
[SourceQuality "1"]

1. e4 c5 2. Nf3 e6 3. d4 cxd4 4. Nxd4 Nc6 5. Nc3 a6 6. g3 Nxd4 7. Qxd4 b5 8. Bg2 Bb7 9. a3 Ne7 10. Bf4 Nc6 11. Qd2 f6 12. e5 f5 13. 0-0 Bc5 14. b4 Be7 15. Rfd1 Rc8 16. Be3 Ba8 17. f4 Qc7 18. Ne2 Nd8 19. Bxa8 Rxa8 20. a4 bxa4 21. Rxa4 Qc6 22. Raa1 Nf7 23. c4 Rb8 24. b5 axb5 25. cxb5 Qc8 26. Rac1 Qb7 27. b6 0-0 28. Qxd7 Qf3 29. Qd3 Rfd8 30. Nd4 Qd5 31. Qb5 Qe4 32. Bf2 Rd5 33. Qc6 Nd8 34. Qe8+ Bf8 35. Nxe6 Nc6 36. Qh5 g6 37. Qh3 Rxd1+ 38. Rxd1 Qc2 39. Qf1 Ba3 40. Qd3 Qa2 41. Qd5 Qxd5 42. Rxd5 h6 43. Rd7 g5 44. b7 Na5 45. Rd8+ Rxd8 46. Nxd8 Nxb7 47. Nxb7 Bc1 48. fxg5 hxg5 49. Nd6 f4 50. g4 f3 51. e6 Kf8 52. Nf5 1-0

[Event "Bialystok Zamenhof Memorial 43rd"]
[Site "Bialystok"]
[Date "2024.12.30"]
[Round "8"]
[White "Rudzinska, Michalina"]
[Black "Kucza, Karol"]
[Result "0-1"]
[WhiteElo "2210"]
[BlackElo "2346"]
[PlyCount "78"]
[EventDate "2024.12.27"]
[EventType "swiss"]
[EventRounds "9"]
[EventCountry "POL"]
[SourceTitle "CB02_2025"]
[SourceDate "2025.01.08"]
[SourceVersion "1"]
[SourceVersionDate "2025.01.08"]
[SourceQuality "1"]

1. e4 e5 2. Nf3 Nc6 3. d4 exd4 4. Nxd4 Nf6 5. Nxc6 bxc6 6. Nd2 d5 7. exd5 cxd5 8. Bb5+ Bd7 9. Bxd7+ Qxd7 10. 0-0 Be7 11. b3 0-0 12. h3 Rfe8 13. Bb2 Qf5 14. Nf3 c5 15. Re1 Rad8 16. Re5 Qd7 17. Qd3 Bf8 18. Rae1 Rxe5 19. Bxe5 Qc6 20. Qf5 Ne4 21. Rd1 d4 22. Rd3 f6 23. Bh2 Nc3 24. a4 Re8 25. Kf1 Re4 26. Nd2 Re6 27. Qf3 Qe8 28. g4 Re1+ 29. Kg2 Rc1 30. Rxc3 dxc3 31. Ne4 Rxc2 32. Nxc3 Qe6 33. Nd5 Rd2 34. Nf4 Qf7 35. Qc3 Qb7+ 36. Kg3 Rd4 37. Qe3 Qe4 38. Qxe4 Rxe4 39. Nd5 Rd4 0-1

[Event "Bialystok Zamenhof Memorial 43rd"]
[Site "Bialystok"]
[Date "2024.12.29"]
[Round "6"]
[White "Rudzinska, Michalina"]
[Black "Kosakowski, Jakub"]
[Result "1/2-1/2"]
[WhiteElo "2210"]
[BlackElo "2539"]
[PlyCount "72"]
[EventDate "2024.12.27"]
[EventType "swiss"]
[EventRounds "9"]
[EventCountry "POL"]
[SourceTitle "CB02_2025"]
[SourceDate "2025.01.08"]
[SourceVersion "1"]
[SourceVersionDate "2025.01.08"]
[SourceQuality "1"]

1. e4 c5 2. Nf3 d6 3. d4 cxd4 4. Nxd4 Nf6 5. Nc3 a6 6. g3 e5 7. Nde2 Be7 8. Bg2 0-0 9. 0-0 b5 10. Nd5 Nbd7 11. Nec3 Nxd5 12. Nxd5 Nf6 13. Nxf6+ Bxf6 14. a4 bxa4 15. Rxa4 Qc7 16. b3 Bd7 17. Ra2 a5 18. Ba3 Be7 19. Qd3 a4 20. Rfa1 axb3 21. cxb3 Be6 22. h4 Rfc8 23. Kh2 Qb7 24. Rb2 Qa6 25. Qd2 Qb6 26. b4 h6 27. b5 Bc4 28. Bh3 Rcb8 29. Qc3 Bxb5 30. Rab1 Qa7 31. Rxb5 Rxb5 32. Rxb5 Qxa3 33. Qxa3 Ra5 34. Qa4 Rxa4 35. Rb7 Ra3 36. Bd7 Bf8 1/2-1/2

[Event "Spilimbergo op 22nd"]
[Site "Spilimbergo"]
[Date "2024.08.11"]
[Round "4"]
[White "Rudzinska, Michalina"]
[Black "Matnadze, Ana"]
[Result "1-0"]
[WhiteElo "2212"]
[BlackElo "2345"]
[PlyCount "75"]
[EventDate "2024.08.09"]
[EventType "swiss"]
[EventRounds "9"]
[EventCountry "ITA"]
[SourceTitle "EXT 2025"]
[Source "ChessBase"]
[SourceDate "2024.10.14"]
[SourceVersion "1"]
[SourceVersionDate "2024.10.14"]
[SourceQuality "1"]

1. e4 c6 2. d4 d5 3. e5 Bf5 4. c4 e6 5. Nc3 h5 6. h3 Nd7 7. cxd5 cxd5 8. Nf3 a6 9. Bd3 Ne7 10. 0-0 Bxd3 11. Qxd3 g6 12. Bg5 Bh6 13. Bxh6 Rxh6 14. Rac1 Kf8 15. Na4 Nf5 16. Qd2 Kg7 17. Rc2 g5 18. Nxg5 Nxd4 19. Qxd4 Qxg5 20. f4 Qf5 21. Rc7 b5 22. Nc3 Nf8 23. Ne2 Kg8 24. Qe3 h4 25. Nd4 Qh5 26. f5 Re8 27. Rf4 Kh8 28. Nf3 Rh7 29. Qd4 Rd8 30. Nxh4 Kg8 31. f6 Qe2 32. Rg4+ Kh8 33. Nf3 Nd7 34. Rxd7 Rxd7 35. Qb6 Qd1+ 36. Kh2 Rxh3+ 37. Kxh3 Qh1+ 38. Kg3 1-0

[Event "Spilimbergo op 22nd"]
[Site "Spilimbergo"]
[Date "2024.08.10"]
[Round "2"]
[White "Rudzinska, Michalina"]
[Black "Di Benedetto, Edoardo"]
[Result "0-1"]
[WhiteElo "2212"]
[BlackElo "2383"]
[PlyCount "142"]
[EventDate "2024.08.09"]
[EventType "swiss"]
[EventRounds "9"]
[EventCountry "ITA"]
[SourceTitle "EXT 2025"]
[Source "ChessBase"]
[SourceDate "2024.10.14"]
[SourceVersion "1"]
[SourceVersionDate "2024.10.14"]
[SourceQuality "1"]

1. e4 e6 2. d4 d5 3. Nd2 c5 4. Ngf3 cxd4 5. Nxd4 Nc6 6. Bb5 Bd7 7. Nxc6 bxc6 8. Bd3 Bd6 9. Qe2 e5 10. c4 d4 11. c5 Bxc5 12. Nc4 Bb4+ 13. Bd2 Qe7 14. 0-0 Bxd2 15. Qxd2 Nh6 16. f4 Ng4 17. h3 Ne3 18. Nxe3 dxe3 19. Qxe3 exf4 20. Qxf4 0-0 21. e5 Be6 22. Qe4 g6 23. Qe3 Qb4 24. b3 Qb6 25. Rfe1 Rad8 26. Be4 c5 27. Rac1 Rd4 28. Bf3 Rfd8 29. Rc2 c4 30. bxc4 Bxc4 31. Kh2 Be6 32. Ree2 Qb1 33. Rb2 Qd3 34. Qxd3 Rxd3 35. a4 R3d4 36. Bc6 Rc8 37. Bb5 a5 38. Rbd2 Rcd8 39. Rxd4 Rxd4 40. Rc2 Bb3 41. Rc8+ Kg7 42. Ra8 Bxa4 43. Rxa5 Bb3 44. Bc6 h5 45. Ra3 Be6 46. Kg3 g5 47. Kf3 Rc4 48. Bb7 Rb4 49. Bc6 Rb6 50. Ba8 Rb1 51. Re3 Rf1+ 52. Ke2 Bc4+ 53. Kd2 Rf2+ 54. Kc3 Be6 55. Re1 Ra2 56. Bf3 Ra3+ 57. Kb2 Ra5 58. Bxh5 Ra2+ 59. Kc3 Rxg2 60. Re3 Ra2 61. Kd4 Ra4+ 62. Kc5 Rh4 63. Bg4 Bxg4 64. hxg4 Rxg4 65. Kd5 Kg6 66. e6 fxe6+ 67. Kxe6 Ra4 68. Ke5 g4 69. Rb3 Kg5 70. Rc3 Kh4 71. Rc8 Kh3 0-1

[Event "Swiss Queens Wed #27"]
[Site "FIDE Online Arena INT"]
[Date "2024.07.31"]
[Round "10"]
[White "Hrebenshchykova, Yelyzaveta"]
[Black "Rudzinska, Michalina"]
[Result "1-0"]
[WhiteElo "2301"]
[BlackElo "2250"]
[PlyCount "169"]
[EventDate "2024.07.31"]
[EventType "swiss (blitz)"]
[EventRounds "11"]
[EventCountry "NET"]
[SourceTitle "CBM 221 Extra"]
[Source "ChessBase"]
[SourceDate "2024.09.30"]
[SourceVersion "1"]
[SourceVersionDate "2024.09.30"]
[SourceQuality "1"]

1. Nf3 Nf6 2. g3 b6 3. Bg2 Bb7 4. 0-0 e6 5. c4 d5 6. b3 Bd6 7. Bb2 c5 8. e3 0-0 9. d3 Nbd7 10. Nbd2 Qe7 11. Qe2 Rac8 12. e4 d4 13. e5 Nxe5 14. Nxe5 Bxg2 15. Kxg2 Qb7+ 16. Ndf3 Rfd8 17. Rae1 Ne8 18. h4 h5 19. Kh2 f6 20. Ng6 e5 21. Bc1 Qf7 22. Nfxe5 fxe5 23. Nxe5 Bxe5 24. Qxe5 Nf6 25. Kg1 Re8 26. Qf5 Ng4 27. Qxf7+ Kxf7 28. Bf4 Kg6 29. Kg2 Kf5 30. a3 a5 31. b4 axb4 32. axb4 cxb4 33. Rb1 b5 34. Rxb4 bxc4 35. dxc4 Re2 36. Rb5+ Ke4 37. Kg1 Kf3 38. Rf5 g6 39. Rf7 Rxc4 40. Bb8+ Ke4 41. f3+ Kd3 42. fxg4 Rcc2 43. R7f3+ Kd2 44. R3f2 d3 45. Bf4+ Kc3 46. Rxe2 dxe2 47. Re1 hxg4 48. Kf2 Kd3 49. Bg5 Ra2 50. Bf4 Rc2 51. Rb1 Ra2 52. Rb3+ Ke4 53. Re3+ Kf5 54. Rxe2 Ra3 55. Re5+ Kf6 56. Rg5 Ra2+ 57. Ke3 Ra3+ 58. Kd4 Ra4+ 59. Kc5 Ra5+ 60. Kd4 Ra4+ 61. Kc5 Ra5+ 62. Kb6 Ra2 63. Rxg4 Rc2 64. Rg5 Rc4 65. Rc5 Rb4+ 66. Kc6 Rb1 67. Kd6 Rd1+ 68. Rd5 Re1 69. Bg5+ Kf7 70. Rd4 Re6+ 71. Kd5 Ra6 72. Rc4 Ra5+ 73. Rc5 Ra7 74. Ke5 Ra1 75. Kf4 Rf1+ 76. Kg4 Kg7 77. Rc7+ Kg8 78. h5 gxh5+ 79. Kxh5 Kf8 80. Kg6 Ke8 81. g4 Rd1 82. Re7+ Kf8 83. Re6 Rd3 84. Bh6+ Kg8 85. Re8# 1-0